00266nam a2200121Ia 45000030006000000080041000060400015000471000011000622450033000732600009001065460012001150050017001270STCL150530s9999 xx 000 0 und d aSTCLcSTCL aPorter aTaxonomy of flowering plants c1969 aEnglish20220125170412.0